| Tag |
First Indicator |
Second Indicator |
Subfields |
| LEADER |
00000cas a2200000 a 4500 |
| 001 |
in00000588421 |
| 005 |
20151014084419.0 |
| 008 |
860630c19869999dcuar 0uuu 0eng d |
| 010 |
|
|
|a 87641735
|z sn 86043187
|
| 012 |
|
|
|a 3
|i 8704
|
| 035 |
|
|
|a (OCoLC)13802284
|
| 035 |
|
|
|9 ACQ4279AM
|
| 037 |
|
|
|b Urban Land Institute, 1090 Vermont Ave., N.W., Wash., DC 20005
|
| 040 |
|
|
|a UMS
|c UMS
|d WAU
|d NYG
|d DLC
|d NST
|d DLC
|d m/c
|d NST
|d IUL
|d TXA
|d UtOrBLW
|
| 042 |
|
|
|a lc
|
| 043 |
|
|
|a n-us---
|
| 049 |
|
|
|a TXAE
|
| 050 |
0 |
0 |
|a HD1390
|b .D483
|
| 082 |
0 |
0 |
|a 333.3/8/0973
|2 19
|
| 245 |
0 |
0 |
|a Development trends.
|
| 246 |
1 |
3 |
|a ULI development trends
|
| 264 |
|
1 |
|a Washington, D.C. :
|b Urban Land Institute,
|c [1986-]
|
| 264 |
|
4 |
|c ©1986-
|
| 300 |
|
|
|a volumes :
|b illustrations ;
|c 28 cm.
|
| 310 |
|
|
|a Annual
|
| 336 |
|
|
|a text
|b txt
|2 rdacontent
|
| 337 |
|
|
|a unmediated
|b n
|2 rdamedia
|
| 338 |
|
|
|a volume
|b nc
|2 rdacarrier
|
| 362 |
0 |
|
|a 1986-
|
| 500 |
|
|
|a Description based on 1987.
|
| 580 |
|
|
|a Continues in part: Development review and outlook.
|
| 650 |
|
0 |
|a Real estate development
|z United States
|x Periodicals.
|
| 710 |
2 |
|
|a Urban Land Institute.
|
| 780 |
1 |
1 |
|t Development review and outlook
|x 0740-1574
|w (DLC) 83647869
|w (OCoLC)9882757
|
| 890 |
|
|
|a Development trends.
|
| 999 |
|
|
|a MARS
|
| 999 |
f |
f |
|s a7628fee-25fe-35c7-9cc1-398d461999c6
|i 985518e6-6d47-3465-a04d-9ead7e158267
|t 0
|
| 952 |
f |
f |
|p ric
|a Texas A&M University
|b Rellis Campus
|c Joint Library Facility
|d Remote Storage
|t 0
|e HD1390 .D483
|h Library of Congress classification
|i unmediated -- volume
|k 1988
|m A14811316966
|
| 952 |
f |
f |
|p ric
|a Texas A&M University
|b Rellis Campus
|c Joint Library Facility
|d Remote Storage
|t 0
|e HD1390 .D483
|h Library of Congress classification
|i unmediated -- volume
|k 1986
|m A14811228969
|
| 952 |
f |
f |
|p ric
|a Texas A&M University
|b Rellis Campus
|c Joint Library Facility
|d Remote Storage
|t 0
|e HD1390 .D483
|h Library of Congress classification
|i unmediated -- volume
|k v.50 no.3
|l 1991
|m A14813827175
|
| 952 |
f |
f |
|p ric
|a Texas A&M University
|b Rellis Campus
|c Joint Library Facility
|d Remote Storage
|t 0
|e HD1390 .D483
|h Library of Congress classification
|i unmediated -- volume
|k 1987
|m A14810744116
|
| 998 |
f |
f |
|a HD1390 .D483
|s 1986-1988
|t 0
|l Remote Storage
|